• 首页
  • 本馆介绍
  • 公告通知
  • 最新文献
  • 馆藏检索
  • 电子资源
  • 读者导购
  • 参考咨询
  • 我的图书馆
  • 登录
  • 详细信息显示
  • 放入我的书架
  • 预约/预借图书
  • 作者相关作品
  • 分类相关作品
  • 丛书相关作品
  • 出版社相关作品

书目信息

  • 表格格式
  • 工作单格式
  • 卡片格式
题名:
太有意思了!生活中的物理
    
 
作者: 高盈恺 编著
分册: 4   热学篇
出版信息: 北京   航空工业出版社  2023.08
页数: 50页
开本: 23cm
丛书名:
单 册:
中图分类: O4-49 , O551-49
科图分类:
主题词: 物理学--少年读物 , 热学--少年读物
电子资源:
ISBN: 978-7-5165-3399-4
000 01092nam0 2200301 450
001 0100084465
005 20250617162146.13
010    @a978-7-5165-3399-4@dCNY25.00
035    @a(O310104BKS)01002023332431
039    @aA310000SHL@bUCS01004524407@c01002023332431
100    @a20240109d2023 cemy0chiy50 ea
101 0  @achi
102    @aCN@b110000
105    @aa z 000yy
106    @ar
200 1  @a太有意思了!生活中的物理@9tai you yi si le!sheng huo zhong de wu li@h4@i热学篇@b专著@f高盈恺编著
210    @a北京@c航空工业出版社@d2023.08
215    @a50页@c彩图@d23cm
300    @a彩虹糖童书馆
330    @a本书就将从种种热现象人手,带孩子们一起领略物理世界的奇妙之处,使他们能够在不知不觉中掌握液化、汽化、升华、凝华、热传导、热辐射、热对流、热胀冷缩等物理学概念,并对学习物理知识、揭开物理之谜产生浓厚的兴趣。
333    @a青少年
606 0  @a物理学@j少年读物
606 0  @a热学@j少年读物
690    @aO4-49@v5
690    @aO551-49@v5
701  0 @a高盈恺@9gao ying kai@4编著
801  0 @aCN@b人天书店@c20250616
905    @b1624803-4@b216248040@dO4-49@e1421:4@f2
    
    太有意思了!生活中的物理.4.热学篇/高盈恺编著.-北京:航空工业出版社,2023.08
    50页:彩图;23cm
    彩虹糖童书馆.-使用对象:青少年
    
    ISBN 978-7-5165-3399-4:CNY25.00
    本书就将从种种热现象人手,带孩子们一起领略物理世界的奇妙之处,使他们能够在不知不觉中掌握液化、汽化、升华、凝华、热传导、热辐射、热对流、热胀冷缩等物理学概念,并对学习物理知识、揭开物理之谜产生浓厚的兴趣。
●
相关链接 在E读中查询图书 在五车中查询图书 在当当中查询图书 在豆瓣中查询图书


正题名:太有意思了!生活中的物理     索取号:O4-49/1421:4         预约/预借

序号 登录号 条形码 馆藏地/架位号 状态 备注
1 1624803   216248031   第二样本阅览室/ [索取号:O4-49/1421:4] 在馆    
2 1624804   216248040   第三借阅区/ [索取号:O4-49/1421:4] 在馆    
唐山师范学院图书馆 欢迎您!
大连网信软件有限公司© 版权所有